| 000 | 00577cam a2200217 a 4500 | ||
|---|---|---|---|
| 001 | 3831412 | ||
| 005 | 20180302032722.0 | ||
| 008 | 860604s1986 vaua b 001 0 eng | ||
| 010 | _a 86167710 | ||
| 020 | _a0961625503 | ||
| 040 |
_aDLC _cDLC _dDLC |
||
| 041 | _aeng | ||
| 080 | _a001.434 LEN | ||
| 082 | 0 | 0 |
_a001.434 LEN _219 |
| 100 | 1 | _a28 | |
| 101 | _aSHM | ||
| 245 | 1 | 0 |
_aExperimental design and analysis / _cMarvin Lentner, Thomas Bishop. |
| 504 | _aIncludes bibliographies and index. | ||
| 906 |
_a7 _bcbc _corignew _d3 _encip _f19 _gy-gencatlg |
||
| 942 |
_2ddc _cBK |
||
| 999 |
_c43910 _d43910 |
||